000
00291pab a2200109 454500
008
180718b xxu||||| |||| 00| 0 eng d
100
_a
Satyanavayan, S
245
_a
Cracking under high prices and thin rations
650
_a
Public Distribution System
773
_a
Economic Times
909
_a
21880
999
_c
21880
_d
21880